|
|
|
|
| LEADER |
02300nam a22005055i 4500 |
| 001 |
978-3-642-03616-3 |
| 003 |
DE-He213 |
| 005 |
20151125151348.0 |
| 007 |
cr nn 008mamaa |
| 008 |
100406s2010 gw | s |||| 0|eng d |
| 020 |
|
|
|a 9783642036163
|9 978-3-642-03616-3
|
| 024 |
7 |
|
|a 10.1007/978-3-642-03616-3
|2 doi
|
| 040 |
|
|
|d GrThAP
|
| 050 |
|
4 |
|a RL1-803
|
| 072 |
|
7 |
|a MJK
|2 bicssc
|
| 072 |
|
7 |
|a MED017000
|2 bisacsh
|
| 082 |
0 |
4 |
|a 616.5
|2 23
|
| 245 |
1 |
0 |
|a Malassezia and the Skin
|h [electronic resource] :
|b Science and Clinical Practice /
|c edited by Teun Boekhout, Peter Mayser, Eveline Guého-Kellermann, Aristea Velegraki.
|
| 264 |
|
1 |
|a Berlin, Heidelberg :
|b Springer Berlin Heidelberg :
|b Imprint: Springer,
|c 2010.
|
| 300 |
|
|
|a XI, 319 p.
|b online resource.
|
| 336 |
|
|
|a text
|b txt
|2 rdacontent
|
| 337 |
|
|
|a computer
|b c
|2 rdamedia
|
| 338 |
|
|
|a online resource
|b cr
|2 rdacarrier
|
| 347 |
|
|
|a text file
|b PDF
|2 rda
|
| 505 |
0 |
|
|a Introduction: Malassezia Yeasts from a Historical Perspective -- Biodiversity, Phylogeny and Ultrastructure -- Epidemiology of Malassezia-Related Skin Diseases -- Physiology and Biochemistry -- Malassezia Species and Immunity: Host–Pathogen Interactions -- Pityriasis Versicolor and Other Malassezia Skin Diseases -- Malassezia Yeasts in Seborrheic and Atopic Eczemas -- Malassezia Fungemia, Antifungal Susceptibility Testing and Epidemiology of Nosocomial Infections -- Genomics and Pathophysiology: Dandruff as a Paradigm -- Malassezia Yeasts in Animal Disease -- Malassezia Database.
|
| 650 |
|
0 |
|a Medicine.
|
| 650 |
|
0 |
|a Laboratory medicine.
|
| 650 |
|
0 |
|a Medical microbiology.
|
| 650 |
|
0 |
|a Parasitology.
|
| 650 |
|
0 |
|a Dermatology.
|
| 650 |
1 |
4 |
|a Medicine & Public Health.
|
| 650 |
2 |
4 |
|a Dermatology.
|
| 650 |
2 |
4 |
|a Parasitology.
|
| 650 |
2 |
4 |
|a Medical Microbiology.
|
| 650 |
2 |
4 |
|a Laboratory Medicine.
|
| 700 |
1 |
|
|a Boekhout, Teun.
|e editor.
|
| 700 |
1 |
|
|a Mayser, Peter.
|e editor.
|
| 700 |
1 |
|
|a Guého-Kellermann, Eveline.
|e editor.
|
| 700 |
1 |
|
|a Velegraki, Aristea.
|e editor.
|
| 710 |
2 |
|
|a SpringerLink (Online service)
|
| 773 |
0 |
|
|t Springer eBooks
|
| 776 |
0 |
8 |
|i Printed edition:
|z 9783642036156
|
| 856 |
4 |
0 |
|u http://dx.doi.org/10.1007/978-3-642-03616-3
|z Full Text via HEAL-Link
|
| 912 |
|
|
|a ZDB-2-SME
|
| 950 |
|
|
|a Medicine (Springer-11650)
|